000 00459nam a2200193Ia 4500
003 OSt
005 20221005121318.0
006 a|||||r|||| 00| 0
007 ta
008 221004b |||||||| |||| 00| 0 eng d
024 _a112454
037 _cTextual
040 _aCRL
_cCRL
_beng
041 _2eng
_aeng
100 _aMadiya Manilal
_9630368
245 0 _aGujrati Sahitya Doriyu
942 _cTEXL
_2cc
999 _c1040724
_d1040724